Top 15 des pays avec les décès de Covid-19 - 4 mai - Statistiques

Statistiques générales
  • Ce quiz a été pris 48 fois
  • Le résultat moyen est 13 sur 21
Statistiques - réponses
pays % Correct
Chine
100%
France
98%
Etats-Unis
93%
Espagne
89%
Italie
89%
Royaume-Uni
82%
Allemagne
73%
Belgique
71%
Brésil
71%
Canada
67%
Portugal
62%
Suisse
62%
Mexique
60%
Pays-Bas
53%
Suède
49%
Suède
49%
Iran
44%
Irlande
40%
Turquie
38%
Danemark
27%
Équateur
4%
Aucun quiz correspondant
Distribution des résultats
% des personnes avec chaque résultat
Percentile par nombre de réponses
Votre historique - résultats
Vous n’avez pas pris ce quiz